000 00696nam a2200217 4500
010 _a077803
035 _a077803
037 _bCen Lib / Ret
040 _aDPL
_bEN
082 _a082
_bUNI
110 _bUniversity Society, New York.
245 _aThe Bookshelf for boys and girls /
_cby University Society, New York.
260 _aNew York
_bUniversity Society
_c1970
270 _aUniversity Society
_bNew York
300 _a(v 1. 368)
_b24cm(Hb)
505 _av 1. Fun and thought for little folk
650 _aChildren's literature.
650 _aChildren's encyclopedias and dictionaries.
650 _aLiterature -- Collections.
942 _2ddc
_cEN
_h082
_mUNI
999 _c136658
_d136658